Разработка метода подготовки сорбента для производства высокоактивных генераторов 99Mo/99mTC на основе обогащенного 98Mo; Радиохимия; Т.54, №4

Chi tiết về thư mục
Parent link:Радиохимия: научный журнал.— , 1959-
Т.54, №4.— 2011.— [С. 360-363]
Tác giả khác: Скуридин В. С. Виктор Сергеевич, Стасюк Е. С. Елена Сергеевна, Нестеров Е. А. Евгений Александрович, Садкин В. Л. Владимир Леонидович, Рогов А. С. Александр Сергеевич
Tóm tắt:Заглавие с экрана
Исследованы закономерности влияния кислотной обработки на адсорбционную емкость оксидов алюминия по Мо. Определены области начального (ν0) и предельного (νпр) насыщения нейтральных и кислых оксидов алюминия соляной кислотой. Максимум адсорбции Мо достигается при предельном насыщении с последующим экспоненциальным снижением по мере приближения к точке, в которой взаимодействие оксида с кислотой начинает замедляться, после чего величина адсорбции резко снижается. В области, близкой к ν0, наблюдается «проскок» Мо в элюат при любой его адсорбированной массе. Проведенные исследования позволяют прогнозировать количество кислоты, требуемое для проведения адсорбции заданной массы Мо.
Режим доступа: по договору с организацией-держателем ресурса
Ngôn ngữ:Tiếng Nga
Được phát hành: 2011
Những chủ đề:
Truy cập trực tuyến:http://elibrary.ru/item.asp?id=17839915
Định dạng: Điện tử Chương của sách
KOHA link:https://koha.lib.tpu.ru/cgi-bin/koha/opac-detail.pl?biblionumber=637307

MARC

LEADER 00000nla0a2200000 4500
001 637307
005 20250825101500.0
035 |a (RuTPU)RU\TPU\network\1408 
035 |a RU\TPU\network\1406 
090 |a 637307 
100 |a 20140629d2012 k||y0rusy50 ca 
101 0 |a rus 
102 |a RU 
135 |a drcn ---uucaa 
181 0 |a i  
182 0 |a b 
200 1 |a Разработка метода подготовки сорбента для производства высокоактивных генераторов 99Mo/99mTC на основе обогащенного 98Mo  |f В. С. Скуридин [и др.] 
203 |a Текст  |c электронный 
300 |a Заглавие с экрана 
330 |a Исследованы закономерности влияния кислотной обработки на адсорбционную емкость оксидов алюминия по Мо. Определены области начального (ν0) и предельного (νпр) насыщения нейтральных и кислых оксидов алюминия соляной кислотой. Максимум адсорбции Мо достигается при предельном насыщении с последующим экспоненциальным снижением по мере приближения к точке, в которой взаимодействие оксида с кислотой начинает замедляться, после чего величина адсорбции резко снижается. В области, близкой к ν0, наблюдается «проскок» Мо в элюат при любой его адсорбированной массе. Проведенные исследования позволяют прогнозировать количество кислоты, требуемое для проведения адсорбции заданной массы Мо. 
333 |a Режим доступа: по договору с организацией-держателем ресурса 
461 |t Радиохимия  |o научный журнал  |d 1959- 
463 |t Т.54, №4  |v [С. 360-363]  |d 2011 
610 1 |a электронный ресурс 
610 1 |a труды учёных ТПУ 
610 1 |a технеций 
610 1 |a технеций-99м 
610 1 |a адсорбция 
610 1 |a сорбенты 
610 1 |a молибден 
610 1 |a радиофармпрепараты 
701 1 |a Скуридин  |b В. С.  |c физик, специалист в области атомной энергетики  |c профессор Томского политехнического университета, доктор технических наук  |f 1946-  |g Виктор Сергеевич  |3 (RuTPU)RU\TPU\pers\27551  |9 12755 
701 1 |a Стасюк  |b Е. С.  |c специалист в области атомной энергетики  |c научный сотрудник Томского политехнического университета, кандидат технических наук  |f 1978-  |g Елена Сергеевна  |3 (RuTPU)RU\TPU\pers\27552  |9 12756 
701 1 |a Нестеров  |b Е. А.  |c физик, специалист в области атомной энергетики  |c научный сотрудник Томского политехнического университета  |f 1976-  |g Евгений Александрович  |3 (RuTPU)RU\TPU\pers\30198  |9 14592 
701 1 |a Садкин  |b В. Л.  |c физик  |c младший научный сотрудник Томского политехнического университета, кандидат технических наук  |f 1986-  |g Владимир Леонидович  |3 (RuTPU)RU\TPU\pers\31553  |9 15713 
701 1 |a Рогов  |b А. С.  |c радиохимик  |c аспирант, инженер Томского политехнического университета  |f 1986-  |g Александр Сергеевич  |3 (RuTPU)RU\TPU\pers\29744 
801 2 |a RU  |b 63413507  |c 20140629  |g RCR 
850 |a 63413507 
856 4 |u http://elibrary.ru/item.asp?id=17839915 
942 |c CF